Normal view
MARC view
Entry Personal Name
001 - CONTROL NUMBER
- control field: 565731
003 - CONTROL NUMBER IDENTIFIER
- control field: OSt
005 - DATE AND TIME OF LATEST TRANSACTION
- control field: 20220930201342.0
008 - FIXED-LENGTH DATA ELEMENTS
- fixed length control field: 220930|| aca||aabn | a|a d
040 ## - CATALOGING SOURCE
- Original cataloging agency: OSt
- Transcribing agency: OSt
100 ## - HEADING--PERSONAL NAME
- Personal name: Supervisor : Dr. Arun Goel
670 ## - SOURCE DATA FOUND
- Source citation: Work cat.: (OSt)901792: Mansukhani Harish 565730, Critical evaluation of management of galleazz's fracture dislocation with special reference to self compression plating, 1985
